<?xml version="1.0" encoding="UTF-8"?>
<record
    xmlns:xsi="http://www.w3.org/2001/XMLSchema-instance"
    xsi:schemaLocation="http://www.loc.gov/MARC21/slim http://www.loc.gov/standards/marcxml/schema/MARC21slim.xsd"
    xmlns="http://www.loc.gov/MARC21/slim">

  <leader>01372nam a2200229 i 4500</leader>
  <controlfield tag="001">24093</controlfield>
  <controlfield tag="003">ES-MaACL</controlfield>
  <controlfield tag="005">20250902131137.0</controlfield>
  <controlfield tag="007">t|</controlfield>
  <controlfield tag="008">021216s1915    ag           ||||1| spa d</controlfield>
  <datafield tag="245" ind1="0" ind2="0">
    <subfield code="a">Antecedentes de pol&#xED;tica econ&#xF3;mica en el R&#xED;o de la Plata : </subfield>
    <subfield code="b">documentos originales de los siglos XVI al XIX seleccionados en el Archivo de Indias de Sevilla / </subfield>
    <subfield code="c">coordenados y publicados por Roberto Levillier.</subfield>
  </datafield>
  <datafield tag="260" ind1=" " ind2=" ">
    <subfield code="a">Buenos Aires : </subfield>
    <subfield code="b">Universidad de Buenos Aires, </subfield>
    <subfield code="c">1915 (</subfield>
    <subfield code="f">Tip. Sucs. de Rivadeneyra)</subfield>
  </datafield>
  <datafield tag="300" ind1=" " ind2=" ">
    <subfield code="a">2 v. ; </subfield>
    <subfield code="c">24 cm.</subfield>
  </datafield>
  <datafield tag="490" ind1="1" ind2=" ">
    <subfield code="a">Estudios editados por la Facultad de Derecho y Ciencias Sociales de la Universidad de Buenos Aires ; </subfield>
    <subfield code="v">4-5</subfield>
  </datafield>
  <datafield tag="505" ind1="8" ind2=" ">
    <subfield code="a">Contiene: 1. Libro I. R&#xE9;gimen fiscal. Derechos impuestos y contribuciones constantes aplicadas al comercio - 2. Libro I. R&#xE9;gimen fiscal. Derechos, impuestos y contribuciones constantes aplicadas al comercio (cont.). Impuestos menores y contribuciones ocasionales. Aduanas</subfield>
  </datafield>
  <datafield tag="651" ind1=" " ind2="4">
    <subfield code="a">Am&#xE9;rica espa&#xF1;ola-</subfield>
    <subfield code="x">Historia-</subfield>
    <subfield code="v">Fuentes.</subfield>
    <subfield code="9">7728</subfield>
  </datafield>
  <datafield tag="700" ind1="1" ind2=" ">
    <subfield code="a">Levillier, Roberto,</subfield>
    <subfield code="d">1886-1969</subfield>
    <subfield code="9">71965</subfield>
  </datafield>
  <datafield tag="710" ind1="2" ind2=" ">
    <subfield code="a">Universidad de Buenos Aires. </subfield>
    <subfield code="b">Facultad de Derecho y Ciencias Sociales.</subfield>
    <subfield code="9">7156</subfield>
  </datafield>
  <datafield tag="830" ind1="1" ind2=" ">
    <subfield code="a">Estudios editados por la Facultad de Derecho y Ciencias Sociales de la Universidad de Buenos Aires ; </subfield>
    <subfield code="v">4-5</subfield>
    <subfield code="9">229070</subfield>
  </datafield>
  <datafield tag="852" ind1=" " ind2=" ">
    <subfield code="a">ES-MaACL</subfield>
    <subfield code="j">C-7181</subfield>
  </datafield>
  <datafield tag="999" ind1=" " ind2=" ">
    <subfield code="c">24093</subfield>
    <subfield code="d">24093</subfield>
  </datafield>
  <datafield tag="952" ind1=" " ind2=" ">
    <subfield code="0">0</subfield>
    <subfield code="1">0</subfield>
    <subfield code="4">0</subfield>
    <subfield code="7">0</subfield>
    <subfield code="a">ATENEOM</subfield>
    <subfield code="b">ATENEOM</subfield>
    <subfield code="c">SPAL</subfield>
    <subfield code="d">2008-01-17</subfield>
    <subfield code="e">SC</subfield>
    <subfield code="l">0</subfield>
    <subfield code="o">C-7181</subfield>
    <subfield code="p">1024832</subfield>
    <subfield code="r">2023-02-23 00:00:00</subfield>
    <subfield code="w">2023-02-23</subfield>
    <subfield code="y">MONOGRAFIA</subfield>
  </datafield>
</record>
